000 01436nam0a2200289 4500
001 RU\NLR\bibl\2085573
005 20250613222328.0
020 _aRU
_9ЛЕНИНГРАД В ВЕЛИКОЙ ОТЕЧЕСТВЕННОЙ ВОЙНЕ : Печать Ленинграда, 1941 - 1945 : листовки, плакаты, открытки, альбомы: карточный каталог изданий, хранящихся в фондах Гос. Публ. б-ки. - Ленинград, 1972
035 _a(NLR Aleph) 010197245
090 _a10227126
_c10227126
100 _a20131118f19401945|||y0rusy50 ca
101 0 _arus
102 _aRU
105 _ay z |||||
200 1 _a[Объявление о приеме студентов на 1-й курс
_fЛенинградский индустриально-протезный техникум]
210 _a[Ленинград]
_cУт ун-19
_d[194-?]
215 _a1 л.
_d41х30
606 1 _aБлокада Ленинграда
_jЛистовки
_z1941 - 1944
_92077679
_3RU\NLR\AUTH\661253360
686 _aТ3(2)722.721,011
712 0 2 _4570
_aЛенинградский индустриально-протезный техникум им. М. В. Фрунзе
_9383496
_3RU\NLR\AUTH\880357986
801 0 _aRU
_bNLR
_c19720101
_gPSBO
801 1 _aRU
_bNLR
_c20131118
_gRCR
852 _aNLR
_bЛ3-330л
_j24/3-22
942 _cBOOK
980 _aNB